Automotive tyre market of India (Record no. 36581)

MARC details
000 -LEADER
fixed length control field 00293nam a2200109Ia 4500
082 ## - DEWEY DECIMAL CLASSIFICATION NUMBER
Classification number 678.065:629(540)
Item number RAG
100 ## - MAIN ENTRY--AUTHOR NAME
Personal name Raghavan, K S V
245 #0 - TITLE STATEMENT
Title Automotive tyre market of India
260 ## - PUBLICATION, DISTRIBUTION, ETC. (IMPRINT)
Place of publication Calcutta
Name of publisher Saroj & Shanti
Year of publication 1981
942 ## - ADDED ENTRY ELEMENTS (KOHA)
Koha item type Reference
Holdings
Withdrawn status Lost status Damaged status Not for loan Home library Current library Date acquired Cost, normal purchase price Full call number Accession Number Koha item type
        RRII Library RRII Library 16/12/2021 85.00 678.065:629(540) RAG 16987 Books